Dinosaurs and other extinct Saurians (Record no. 1215886)

MARC details
000 -LEADER
fixed length control field 01150nam a2200325Ia 4500
003 - CONTROL NUMBER IDENTIFIER
control field OSt
005 - DATE AND TIME OF LATEST TRANSACTION
control field 20221007125831.0
008 - FIXED-LENGTH DATA ELEMENTS--GENERAL INFORMATION
fixed length control field 221006b |||||||| |||| 00| 0 eng d
020 ## - INTERNATIONAL STANDARD BOOK NUMBER
International Standard Book Number 9781862393110 (hbd)
037 ## - SOURCE OF ACQUISITION
Terms of availability Textual
040 ## - CATALOGING SOURCE
Original cataloging agency DGL
Transcribing agency DGL
Language of cataloging eng
041 ## - LANGUAGE CODE
Source of code eng
Language code of text/sound track or separate title eng
100 ## - MAIN ENTRY--PERSONAL NAME
Personal name Moody R T J
9 (RLIN) 722632
245 #0 - TITLE STATEMENT
Title Dinosaurs and other extinct Saurians
Remainder of title a historical perspective Naish D Martill D M Ed.
260 ## - PUBLICATION, DISTRIBUTION, ETC.
Place of publication, distribution, etc. London
Name of publisher, distributor, etc. Geological society
Date of publication, distribution, etc. 2010
300 ## - PHYSICAL DESCRIPTION
Extent vi,387 p
Dimensions cm.
500 ## - GENERAL NOTE
General note Includes bibliographical references; Index 387-394p
650 ## - SUBJECT ADDED ENTRY--TOPICAL TERM
Topical term or geographic name entry element Dinosaurs research-History
9 (RLIN) 722633
650 ## - SUBJECT ADDED ENTRY--TOPICAL TERM
Topical term or geographic name entry element paleontology history
9 (RLIN) 722634
650 ## - SUBJECT ADDED ENTRY--TOPICAL TERM
Topical term or geographic name entry element Petroleum geologists
9 (RLIN) 722635
650 ## - SUBJECT ADDED ENTRY--TOPICAL TERM
Topical term or geographic name entry element Geology
700 ## - ADDED ENTRY--PERSONAL NAME
Personal name Buffetaut E
9 (RLIN) 722636
700 ## - ADDED ENTRY--PERSONAL NAME
Personal name Martill D M Ed.
9 (RLIN) 722637
700 ## - ADDED ENTRY--PERSONAL NAME
Personal name Naish D
9 (RLIN) 722638
942 ## - ADDED ENTRY ELEMENTS (KOHA)
Classification part H6, Q0 Carg
Koha item type Textual
Source of classification or shelving scheme Colon Classification (CC)
Holdings
Withdrawn status Lost status Source of classification or shelving scheme Damaged status Not for loan Home library Current library Date acquired Source of acquisition Total Checkouts Full call number Barcode Date last seen Price effective from Koha item type
    Colon Classification (CC)     Department of Geology Library Department of Geology Library 2022-10-07 1309, 29/03/2011, Ashutosh Technical Books   H6 Q0 Carg SL0G00086 2022-10-07 2022-10-07 Textual
Copyright @ Delhi University Library System